• 首页
  • 本馆介绍
  • 公告通知
  • 最新文献
  • 馆藏检索
  • 电子资源
  • 读者导购
  • 参考咨询
  • 我的图书馆
  • 登录
  • 详细信息显示
  • 放入我的书架
  • 预约/预借图书
  • 作者相关作品
  • 分类相关作品
  • 丛书相关作品
  • 出版社相关作品

书目信息

  • 表格格式
  • 工作单格式
  • 卡片格式
题名:
磷酸生产操作安全技术
    
 
作者: 徐丙根 编著
分册:  
出版信息: 北京   中国石化出版社  2016.7
页数: 182页
开本: 26cm
丛书名: 无机酸生产操作安全技术系列丛书
单 册:
中图分类: TQ126.3
科图分类:
主题词: 磷酸生产--操作--安全技术
电子资源:
ISBN: 978-7-5114-4062-4
000 01246oam2 2200265 450
001 0400002173
005 20171020130316.0
010    @a978-7-5114-4062-4@dCNY46.00
100    @a20160923d2016 em y0chiy50 ea
101 0  @achi
102    @aCN@b110000
105    @aa z 000yy
106    @ar
200 1  @a磷酸生产操作安全技术@9lin suan sheng chan cao zuo an quan ji shu@f徐丙根编著
210    @a北京@c中国石化出版社@d2016.7
215    @a182页@d26cm
225 1  @a无机酸生产操作安全技术系列丛书
314    @a徐丙根 (1966-),男,江苏姜堰人,南化集团研究院副主任师,创作出版了《安全名句化佳语集锦》、《化工安全技术》等。
330    @a本书共分5章,简要介绍了相关安全生产法律法规和从业人员的主要权利与义务;从生产磷酸的原料磷矿石开始,详细介绍了磷矿石的加工安全技术;对原料加工用风扫磨系统作了系统的介绍。同时该书介绍了关键工序磷酸装置燃烧炉和除尘器以及输送作业安全技术;还分别对工业磷酸主要生方法湿法磷酸和热法磷酸及其生产安全技术进行了详细介绍。另外,该书还对正在研究开发中的窑法磷酸工艺作了简要介绍。
461  0 @12001 @a无机酸生产操作安全技术系列丛书
606 0  @a磷酸生产@x操作@x安全技术
690    @aTQ126.3@v5
701  0 @a徐丙根@9xu bing gen@f(1966-)@4编著
801  0 @aCN@b91MARC@c20171020
905    @b1031625-9@dTQ126.3@f5@e13
    
    磷酸生产操作安全技术/徐丙根编著.-北京:中国石化出版社,2016.7
    182页;26cm.-(无机酸生产操作安全技术系列丛书)
    
    
    ISBN 978-7-5114-4062-4:CNY46.00
    本书共分5章,简要介绍了相关安全生产法律法规和从业人员的主要权利与义务;从生产磷酸的原料磷矿石开始,详细介绍了磷矿石的加工安全技术;对原料加工用风扫磨系统作了系统的介绍。同时该书介绍了关键工序磷酸装置燃烧炉和除尘器以及输送作业安全技术;还分别对工业磷酸主要生方法湿法磷酸和热法磷酸及其生产安全技术进行了详细介绍。另外,该书还对正在研究开发中的窑法磷酸工艺作了简要介绍。
●
相关链接 在E读中查询图书 在五车中查询图书 在当当中查询图书 在豆瓣中查询图书


正题名:磷酸生产操作安全技术     索取号:TQ126.3/13         预约/预借

序号 登录号 条形码 馆藏地/架位号 状态 备注
1 1031625   210316255   第二样本阅览室/ [索取号:TQ126.3/13] 在馆    
2 1031626   210316264   密集书库-化学系/ [索取号:TQ126.3/13] 在馆    
3 1031627   210316273   第三借阅区/ [索取号:TQ126.3/13] 在馆    
4 1031628   210316282   第三借阅区/ [索取号:TQ126.3/13] 在馆    
5 1031629   210316291   第三借阅区/ [索取号:TQ126.3/13] 在馆    
唐山师范学院图书馆 欢迎您!
大连网信软件有限公司© 版权所有